[Event "Canadian zt"]
[Site "Toronto"]
[Date "2024.03.30"]
[Round "6"]
[White "Latorre, Vincent"]
[Black "Yuen, Noah Nathaniel"]
[Result "1-0"]
[WhiteElo "2181"]
[BlackElo "1914"]
[PlyCount "149"]
[EventDate "2024.03.27"]
[EventType "team-swiss"]
[EventRounds "10"]
[EventCountry "CAN"]
[SourceTitle "CB15_2024"]
[SourceDate "2024.04.10"]
[SourceVersion "1"]
[SourceVersionDate "2024.04.10"]
[SourceQuality "1"]

1. e4 c5 2. Nf3 Nc6 3. d4 cxd4 4. Nxd4 g6 5. Nc3 Bg7 6. Be3 Nf6 7. Bc4 0-0 8. Bb3 d6 9. f3 Bd7 10. Qd2 Rc8 11. 0-0-0 Ne5 12. h4 h5 13. Bg5 Nc4 14. Qe2 Ne5 15. f4 Bg4 16. Nf3 Nc6 17. e5 Nh7 18. Rxd6 Qe8 19. Rdd1 Kh8 20. f5 Bxf5 21. Bf4 Na5 22. Ba4 Nc6 23. Kb1 a6 24. Bxc6 Qxc6 25. Nd4 Qd7 26. Nxf5 Qxf5 27. Rhf1 Qe6 28. Qe3 Rfd8 29. Ne2 Nf8 30. Nd4 Qg4 31. Qg3 Qxg3 32. Bxg3 Kg8 33. c3 Rc5 34. Rfe1 Rcd5 35. Kc2 Bh6 36. Nf3 Ne6 37. Rxd5 Rxd5 38. c4 Rd7 39. Rd1 Rxd1 40. Kxd1 Kf8 41. Bf2 Ke8 42. b4 Kd7 43. Kc2 Ng7 44. Kd3 Nf5 45. a4 e6 46. g3 Kc6 47. b5+ Kc7 48. Ng5 Bxg5 49. hxg5 axb5 50. axb5 Ng7 51. Kd4 Kb6 52. Kc3+ Kc7 53. Kb4 Nf5 54. Kc5 Ne7 55. Be1 Nc8 56. Bd2 Ne7 57. Ba5+ Kc8 58. Be1 Kc7 59. Bf2 Nf5 60. Kb4 Kd7 61. Ka4 Kc8 62. Kb3 Kc7 63. Kc3 Kd7 64. Kd3 Kc7 65. Ke4 Ne7 66. Kf4 Nf5 67. Bc5 Kd7 68. g4 hxg4 69. Kxg4 Kc7 70. Bf2 Kd7 71. Kf4 Kc7 72. Ke4 Kd7 73. Kd3 Kc7 74. Ke4 Ne7 75. Kd3 1-0

[Event "Ontario-ch U20 U1800"]
[Site "Mississauga"]
[Date "2019.01.13"]
[Round "5.10"]
[White "Hua, Michelle"]
[Black "Yuen, Noah Nathaniel"]
[Result "1/2-1/2"]
[WhiteElo "1731"]
[BlackElo "1711"]
[PlyCount "83"]
[EventDate "2019.01.12"]
[EventType "swiss"]
[EventRounds "5"]
[EventCountry "CAN"]
[SourceTitle "EXT 2022"]
[Source "ChessBase"]
[SourceDate "2021.10.06"]
[SourceVersion "1"]
[SourceVersionDate "2021.10.06"]
[SourceQuality "1"]

1. c4 Nf6 2. g3 g6 3. Bg2 Bg7 4. Nc3 0-0 5. d4 c6 6. e4 d6 7. Nge2 Nbd7 8. 0-0 c5 9. b3 cxd4 10. Nxd4 Nc5 11. Bb2 a5 12. h3 Bd7 13. Kh2 Qb6 14. Qc2 Rfc8 15. f4 a4 16. Rad1 axb3 17. axb3 Na6 18. Kh1 Nb4 19. Qd2 Nc6 20. Na4 Qd8 21. Nxc6 Bxc6 22. Nc3 Qb6 23. Qc2 Nd7 24. Ne2 Bxb2 25. Qxb2 Nc5 26. b4 Bxe4 27. Bxe4 Nxe4 28. Rd4 Nf6 29. Rfd1 Qc6+ 30. Kh2 Qf3 31. Ng1 Qa3 32. Qd2 Qa2 33. Ne2 Qxd2 34. R1xd2 Ra3 35. Rb2 Re3 36. Kg2 Re4 37. Rc2 b5 38. c5 Rxd4 39. Nxd4 Nd5 40. Rb2 Nxb4 41. cxd6 Nd3 42. Rd2 1/2-1/2

[Event "CAN-ch U10"]
[Site "Quebec"]
[Date "2018.07.05"]
[Round "7.108"]
[White "Han, Johnathan"]
[Black "Yuen, Noah Nathaniel"]
[Result "0-1"]
[WhiteElo "1566"]
[BlackElo "1594"]
[PlyCount "116"]
[EventDate "2018.07.02"]
[EventType "swiss"]
[EventRounds "7"]
[EventCountry "CAN"]
[SourceTitle "EXT 2022"]
[Source "ChessBase"]
[SourceDate "2021.10.06"]
[SourceVersion "1"]
[SourceVersionDate "2021.10.06"]
[SourceQuality "1"]

1. e4 c5 2. Nf3 d6 3. d4 cxd4 4. Nxd4 Nf6 5. Nc3 a6 6. Be3 e6 7. f3 b5 8. Qd2 Bb7 9. g4 Nfd7 10. 0-0-0 b4 11. Nce2 d5 12. exd5 Bxd5 13. Bg2 Ne5 14. Kb1 Nbd7 15. Nf4 Nc4 16. Qe2 Nxe3 17. Qxe3 Bb7 18. Nfxe6 fxe6 19. Nxe6 Qe7 20. Nc7+ Kd8 21. Qxe7+ Bxe7 22. Nxa8 Bxa8 23. Rd3 Kc7 24. Rhd1 Nc5 25. R3d2 Rf8 26. Rf1 Bg5 27. Re2 h6 28. c4 Rf4 29. b3 Bf6 30. Kc2 Bc6 31. Rd1 Bxf3 32. Bxf3 Rxf3 33. Rd5 Rc3+ 34. Kd2 Bg5+ 35. Ke1 Nd3+ 36. Kf1 Rc1+ 37. Kg2 Nf4+ 38. Kf2 Nxd5 39. cxd5 Rd1 40. Re6 Rd2+ 41. Re2 Rxe2+ 42. Kxe2 Kd6 43. h3 Kxd5 44. Kd3 a5 45. Ke2 Kd4 46. Kf3 Kc3 47. Kg3 Kb2 48. h4 Bf6 49. h5 Kxa2 50. Kf4 Kxb3 51. Kf5 a4 52. Kg6 a3 53. g5 Bxg5 54. Kxg7 a2 55. Kh7 a1Q 56. Kg6 Qf6+ 57. Kh7 Qf7+ 58. Kh8 Bf6# 0-1

[Event "CAN-ch U10"]
[Site "Quebec"]
[Date "2018.07.04"]
[Round "6.109"]
[White "Yuen, Noah Nathaniel"]
[Black "Ma, Andrew"]
[Result "1-0"]
[WhiteElo "1594"]
[BlackElo "1575"]
[PlyCount "89"]
[EventDate "2018.07.02"]
[EventType "swiss"]
[EventRounds "7"]
[EventCountry "CAN"]
[SourceTitle "EXT 2022"]
[Source "ChessBase"]
[SourceDate "2021.10.06"]
[SourceVersion "1"]
[SourceVersionDate "2021.10.06"]
[SourceQuality "1"]

1. d4 Nf6 2. c4 e6 3. Nf3 d5 4. Nc3 Be7 5. cxd5 exd5 6. Bg5 0-0 7. e3 Bf5 8. Qb3 b6 9. Bxf6 Bxf6 10. Qxd5 Qxd5 11. Nxd5 Bd8 12. Rc1 c6 13. Nf4 Bc7 14. Bd3 Bxd3 15. Nxd3 Bd6 16. 0-0 f6 17. Rc2 Rc8 18. Rfc1 a5 19. a3 Ra7 20. g3 Rac7 21. Nfe1 Nd7 22. Kg2 Kf7 23. e4 g6 24. f4 Nb8 25. e5 fxe5 26. fxe5 Bf8 27. d5 Bg7 28. Nf3 c5 29. Ng5+ Kg8 30. Ne6 Re7 31. Nxg7 Kxg7 32. d6 Rf7 33. Nf4 Nc6 34. Re2 Nd4 35. Re4 Rd7 36. Rxd4 cxd4 37. Rxc8 g5 38. Nh5+ Kg6 39. Nf6 Rf7 40. d7 Rxf6 41. exf6 Kxf6 42. d8Q+ Ke6 43. Qxd4 Kf5 44. Rc6 g4 45. Qf4# 1-0

[Event "CAN-ch U10"]
[Site "Quebec"]
[Date "2018.07.03"]
[Round "3.110"]
[White "Darvekar, Yash"]
[Black "Yuen, Noah Nathaniel"]
[Result "0-1"]
[WhiteElo "1457"]
[BlackElo "1594"]
[PlyCount "82"]
[EventDate "2018.07.02"]
[EventType "swiss"]
[EventRounds "7"]
[EventCountry "CAN"]
[SourceTitle "EXT 2022"]
[Source "ChessBase"]
[SourceDate "2021.10.06"]
[SourceVersion "1"]
[SourceVersionDate "2021.10.06"]
[SourceQuality "1"]

1. e4 c5 2. Nf3 d6 3. c3 Nf6 4. Be2 Nc6 5. d3 e6 6. 0-0 Be7 7. Nbd2 Qc7 8. d4 0-0 9. Qc2 Bd7 10. Nb3 Rac8 11. Bf4 cxd4 12. cxd4 Nxd4 13. Nbxd4 Qxc2 14. Nxc2 Rxc2 15. Bd3 Rxb2 16. Bc1 Rb6 17. Be3 Rc6 18. e5 Nd5 19. exd6 Bxd6 20. Be4 Ra6 21. Bd3 Ra3 22. Rfd1 Bc6 23. Bc1 Ra5 24. Bd2 Rc5 25. Nd4 Ba4 26. Nb3 Rc7 27. Rdc1 Rfc8 28. Re1 Nb4 29. Bxb4 Bxb4 30. Re4 Bc3 31. Rd1 Bc6 32. Re3 Bf6 33. h3 g6 34. Be4 Bxe4 35. Rxe4 Rc2 36. a4 Rb2 37. Nd4 Rc4 38. Rf4 Bxd4 39. Rfxd4 Rxd4 40. Rxd4 Kg7 41. g4 a5 0-1

[Event "CAN-ch U10"]
[Site "Sault Ste Marie"]
[Date "2017.07.07"]
[Round "3"]
[White "Yuen, Noah Nathaniel"]
[Black "Wang, Yinan"]
[Result "1-0"]
[WhiteElo "1218"]
[BlackElo "952"]
[PlyCount "49"]
[EventDate "2017.07.06"]
[EventType "swiss"]
[EventRounds "7"]
[EventCountry "CAN"]
[SourceTitle "EXT 2022"]
[Source "ChessBase"]
[SourceDate "2021.10.06"]
[SourceVersion "1"]
[SourceVersionDate "2021.10.06"]
[SourceQuality "1"]

1. d4 d5 2. c4 c6 3. e3 Nf6 4. Nc3 Be6 5. cxd5 Nxd5 6. Nf3 Nxc3 7. bxc3 Bf5 8. Bd3 Bxd3 9. Qxd3 c5 10. 0-0 Nc6 11. d5 e6 12. e4 exd5 13. exd5 Ne7 14. Re1 g6 15. d6 Rc8 16. Qb5+ Qd7 17. Qxd7+ Kxd7 18. dxe7 Bxe7 19. Bf4 Bf6 20. Rad1+ Kc6 21. Rd6+ Kb5 22. Rxf6 Rhe8 23. g3 Rxe1+ 24. Nxe1 Re8 25. Nf3 1-0

[Event "CAN-ch U08"]
[Site "Windsor"]
[Date "2016.07.08"]
[Round "7.116"]
[White "Yuen, Noah Nathaniel"]
[Black "Chang, Alexander Rz"]
[Result "0-1"]
[WhiteElo "1072"]
[BlackElo "886"]
[PlyCount "111"]
[EventDate "2016.07.05"]
[EventType "swiss"]
[EventRounds "7"]
[EventCountry "CAN"]
[SourceTitle "EXT 2022"]
[Source "ChessBase"]
[SourceDate "2021.10.06"]
[SourceVersion "1"]
[SourceVersionDate "2021.10.06"]
[SourceQuality "1"]

1. c4 c5 2. g3 g6 3. Bg2 Bg7 4. Nc3 Nf6 5. Nf3 0-0 6. 0-0 Nc6 7. d3 d6 8. Bg5 e6 9. Ne4 Qe7 10. Nxf6+ Bxf6 11. Bxf6 Qxf6 12. Qd2 Ne5 13. Nxe5 Qxe5 14. e3 Rb8 15. Rab1 b6 16. Qe2 d5 17. cxd5 exd5 18. Qd2 d4 19. e4 Ba6 20. f4 Qe6 21. a3 f5 22. e5 Qb3 23. Rfd1 Bb7 24. Bxb7 Rxb7 25. Qg2 Rc7 26. Kh1 Rd8 27. Qe2 Kf7 28. Rdc1 Qd5+ 29. Qg2 Qxg2+ 30. Kxg2 b5 31. b3 Ke6 32. Rc2 Kd5 33. Rd2 c4 34. bxc4+ bxc4 35. Rb5+ Rc5 36. dxc4+ Kc6 37. Rb4 Ra5 38. a4 Kc5 39. Rb5+ Rxb5 40. cxb5 Kb4 41. e6 Kc3 42. Rd1 d3 43. Kf3 Kc2 44. e7 Re8 45. Rxd3 Kxd3 46. a5 Rxe7 47. b6 axb6 48. axb6 Rb7 49. Kf2 Rxb6 50. Kf3 Re6 51. h3 Re3+ 52. Kf2 h6 53. Kg2 Ke2 54. Kg1 Rf3 55. Kh2 Kf2 56. Kh1 0-1

[Event "CAN-ch U08"]
[Site "Windsor"]
[Date "2015.07.07"]
[Round "3.122"]
[White "Shapiro, Idan"]
[Black "Yuen, Noah Nathaniel"]
[Result "1-0"]
[WhiteElo "1013"]
[BlackElo "944"]
[PlyCount "89"]
[EventDate "2015.07.06"]
[EventType "swiss"]
[EventRounds "7"]
[EventCountry "CAN"]
[SourceTitle "EXT 2022"]
[Source "ChessBase"]
[SourceDate "2021.10.06"]
[SourceVersion "1"]
[SourceVersionDate "2021.10.06"]
[SourceQuality "1"]

1. e4 Nf6 2. Nc3 d5 3. exd5 Nxd5 4. Qf3 c6 5. Bc4 e6 6. Nge2 b5 7. Bb3 Bb7 8. Bxd5 exd5 9. d3 Be7 10. 0-0 0-0 11. Qg3 Re8 12. Bh6 g6 13. Nf4 Bh4 14. Qh3 Bc8 15. Qf3 Bg5 16. Bxg5 Qxg5 17. Rfe1 Rf8 18. Nh3 Qf5 19. Qxf5 Bxf5 20. Nf4 d4 21. Nce2 c5 22. Ng3 Bd7 23. Nd5 Nc6 24. Nf6+ Kg7 25. Nxd7 Rfd8 26. Nxc5 Nb4 27. Re2 Rac8 28. a3 Nd5 29. Nb3 Nf4 30. Re4 Rxc2 31. Rxf4 Rdc8 32. Rxd4 Rxb2 33. Rc1 Re8 34. Nc5 h5 35. h3 Kh6 36. Re4 Rd8 37. Re7 f5 38. Rxa7 f4 39. Nge4 Re8 40. Nc3 Rd2 41. N3e4 Re2 42. h4 Rf8 43. Ne6 Re8 44. Nf6 Rh8 45. Rcc7 1-0

[Event "CAN-ch U08"]
[Site "Windsor"]
[Date "2015.07.06"]
[Round "1.134"]
[White "Chen, Grant"]
[Black "Yuen, Noah Nathaniel"]
[Result "0-1"]
[WhiteElo "674"]
[BlackElo "944"]
[PlyCount "118"]
[EventDate "2015.07.06"]
[EventType "swiss"]
[EventRounds "7"]
[EventCountry "CAN"]
[SourceTitle "EXT 2022"]
[Source "ChessBase"]
[SourceDate "2021.10.06"]
[SourceVersion "1"]
[SourceVersionDate "2021.10.06"]
[SourceQuality "1"]

1. e4 Nf6 2. Nc3 d5 3. e5 d4 4. exf6 dxc3 5. bxc3 exf6 6. d4 g6 7. Bb5+ c6 8. Bc4 Bg7 9. Nf3 0-0 10. 0-0 Re8 11. Re1 Be6 12. Bxe6 fxe6 13. c4 f5 14. Bf4 c5 15. c3 Nc6 16. Rc1 cxd4 17. cxd4 Nxd4 18. c5 Nxf3+ 19. Qxf3 Qd5 20. Qxd5 exd5 21. c6 Rxe1+ 22. Rxe1 bxc6 23. Rc1 Rc8 24. a4 c5 25. Rd1 d4 26. a5 c4 27. a6 d3 28. g3 Kf7 29. Kg2 h6 30. h4 Kf6 31. Be3 Ke5 32. Bxa7 Ra8 33. Be3 Rxa6 34. Bf4+ Kd4 35. Be3+ Ke4 36. Re1 Kd5 37. Rc1 Ra2 38. Kh3 c3 39. g4 d2 40. Rd1 Kc4 41. gxf5 gxf5 42. h5 c2 43. Rxd2 c1Q 44. Rxa2 Qh1+ 45. Kg3 Be5+ 46. Bf4 Bxf4+ 47. Kxf4 Qxh5 48. Rc2+ Kd3 49. Rc5 Qg4+ 50. Ke5 Qd4+ 51. Kxf5 Qxc5+ 52. Kg6 Qxf2 53. Kxh6 Qg3 54. Kh5 Ke4 55. Kh6 Qg4 56. Kh7 Qg5 57. Kh8 Ke5 58. Kh7 Kf6 59. Kh8 Qg7# 0-1